000 00661nam a2200265Ia 4500
005 20260121170719.0
008 008 260114s9999 xx 000 0 eng d
020 _a9789811318580
037 _aEBOOK
040 _aCRL
040 _beng
040 _cCRL
041 _2eng
041 _aeng
084 _qCRL
100 _aRoseanna Bourke, Judith Loveridge
_91067251
245 0 _aRadical Collegiality through Student Voice
260 _bSpringer
260 _bSpringer
260 _c2018
856 _uhttps://link.springer.com/openurl?genre=book&isbn=978-981-13-1858-0
942 _cEBOOK
999 _c1632981
_d1632981